000 00603nam a22001937a 4500
005 20240527135146.0
008 240527b |||||||| |||| 00| 0 eng d
020 _a978-81-910464-2-7
041 _aeng
082 _28th
_aPB 610 CLE B10997
_bCLE
100 _aClement I
_9119826
245 _aNursing P. B. B. Sc. Solved Question Papers 2nd Year: 2008 To 2024
250 _a8th
260 _aBangalore
_bEMMESS Medical Pub.
_c2024
300 _a668p
_bPb
_c27X21cm
365 _aRupaye
_b1475.00
_cINR
521 _a2nd Year Nursing P. B. B. Sc. Solved Question Papers By I Clement
942 _cBK
999 _c357977
_d357977